[Event "Santa Margalida Mallorca-ch"]
[Site "Santa Margalida"]
[Date "2016.11.11"]
[Round "1"]
[White "Rodriguez Bennassar, Miquel A"]
[Black "Cerdo Fernandez, Miguel"]
[Result "0-1"]
[WhiteElo "1371"]
[BlackElo "1907"]
[PlyCount "34"]
[EventDate "2016.11.11"]
[EventType "swiss"]
[EventRounds "8"]
[EventCountry "ESP"]
[SourceTitle "EXT 2018"]
[Source "ChessBase"]
[SourceDate "2017.10.13"]
[SourceVersion "1"]
[SourceVersionDate "2017.10.13"]
[SourceQuality "1"]

1. d4 Nf6 2. Nf3 e6 3. c4 b6 4. g3 Bb7 5. Bg2 Be7 6. Nc3 0-0 7. 0-0 d6 8. Qc2 Nbd7 9. e4 e5 10. dxe5 dxe5 11. Nd5 Nxd5 12. exd5 c6 13. Rd1 cxd5 14. cxd5 Bd6 15. Nd2 f5 16. Nc4 Rc8 17. Qd2 Rxc4 0-1

[Event "Alcudia Belleuve"]
[Site "Alcudia"]
[Date "2012.10.14"]
[Round "1.30"]
[White "Valarezo Ricard, Pedro"]
[Black "Rodriguez Bennassar, Miquel A"]
[Result "1-0"]
[WhiteElo "1888"]
[BlackElo "1457"]
[PlyCount "69"]
[EventDate "2012.10.14"]
[EventType "swiss"]
[EventRounds "9"]
[EventCountry "ESP"]
[SourceTitle "EXT 2024"]
[Source "ChessBase"]
[SourceDate "2023.10.10"]
[SourceVersion "1"]
[SourceVersionDate "2023.10.10"]
[SourceQuality "1"]

1. d4 Nf6 2. Nf3 c5 3. c3 e6 4. Bg5 Nc6 5. e3 h6 6. Bh4 g5 7. Bg3 Qb6 8. Qc2 cxd4 9. exd4 d5 10. h3 Bg7 11. Nbd2 Bd7 12. Rb1 a5 13. Qd1 Qd8 14. Ne5 Nxe5 15. Bxe5 Bc6 16. Bd3 Rg8 17. Qe2 Qe7 18. 0-0 Nd7 19. Bxg7 Rxg7 20. Rbe1 Nf6 21. f4 g4 22. hxg4 Nxg4 23. Rf3 Kd7 24. f5 Re8 25. f6 Nxf6 26. Qe5 Rxg2+ 27. Kxg2 Ng4 28. Qh5 Rg8 29. Kf1 Rg5 30. Qxf7 Nh2+ 31. Kf2 Nxf3 32. Qxe7+ Kxe7 33. Nxf3 Rg7 34. Ne5 Bd7 35. Rg1 1-0